| 000 | 01721cam a22004574i 4500 | ||
|---|---|---|---|
| 003 | PE-LiUPU | ||
| 005 | 20250731173320.0 | ||
| 008 | 150625s r 000 0 d | ||
| 020 | _a1899505776 | ||
| 035 | _a(Sirsi) i9781899505777 | ||
| 040 |
_aPE-LiUPU _bspa _cPE-LiUPU _erda |
||
| 049 | _aPRUA | ||
| 082 | 0 | 4 |
_a270.83 _bC84 _221 |
| 100 | 1 |
_aCox, David, _d1943- , _eautor. |
|
| 245 | 1 | 0 |
_aFuture church / _cDavid Cox. |
| 264 | 1 |
_aGrantham : _bStanborough, _c2001. |
|
| 300 |
_a248 páginas : _bilustraciones ; _c21 centímetros |
||
| 336 |
_atext _2rdacontent |
||
| 337 |
_aunmediated _2rdamedia |
||
| 338 |
_avolume _2rdacarrier |
||
| 505 | 0 | _aThe question is. -The love Affair. -Dreams and visions. -Apprentices only. -Bigger and better. -Hole truth or whole truth. -The heart of the matter. -More spirit. -Where are all the ministers. -Welcome by design. -New brirth or new baby. -The future is out there. | |
| 526 | _aSEG42 | ||
| 526 | _aSEG41 | ||
| 526 | _aSEG40 | ||
| 526 | _aSEG39 | ||
| 526 | _aP94 | ||
| 526 | _aP87 | ||
| 526 | _aP86 | ||
| 526 | _aP85 | ||
| 526 | _aP77 | ||
| 526 | _aP76 | ||
| 526 | _aP35 | ||
| 650 | 0 | 4 |
_aHistoria de la iglesia _ySiglo XXI. |
| 650 | 0 | 4 |
_aPronóstico _xCristianismo. |
| 942 |
_2ddc _cBOOK |
||
| 949 |
_a270.83 C84 _wDEWEY _c1 _i57453 _lCCODEBUL1 _mBUL _p22.00 _r0 _sY _tBOOK _u2015-6-25 _xTEOLOGIA _PP35 _0COMPRA _o.STAFF. Colección General |
||
| 994 |
_aC0 _bPEPRU |
||
| 596 | _a1 | ||
| 999 |
_a270.83 C84 _wDEWEY _c46499 _i57453 _f2021-11-11 _g5 _lCCODEBUL1 _mBUL _p22.00 _r0 _sY _tBOOK _u2015-6-25 _xTEOLOGIA _PP35 _0COMPRA _o.STAFF. Colección General _d46499 |
||
| 980 |
_81 _gALBERTO SANCHEZ Responsable de Automatización |
||